| 000 | 01057nam a2200349 a 4500 | ||
|---|---|---|---|
| 001 | 000111300 | ||
| 003 | CHAP | ||
| 005 | 20220329144206.0 | ||
| 008 | 150129s2010 mx |r| ||||||spa d | ||
| 010 | _a107762 | ||
| 011 | _a108734 | ||
| 020 | _a9786077070313 | ||
| 040 | _cCHAP | ||
| 082 | 0 | 4 |
_a005.2762 _bL86 |
| 100 | 1 |
_aLópez Quijado, José _9129152 |
|
| 245 | 1 | 0 |
_aDomine PHP y MySQL / _cpor José López Quijano. |
| 250 | _a2 ed. | ||
| 260 |
_aMéxico, D. F. : _bAlfaomega, _c2010. |
||
| 300 | _a625 p. | ||
| 590 |
_aBATCH-UPD _b05 _c20150129 _lUCH01 _h1004 |
||
| 590 |
_aE11695DGD _b10 _c20150130 _lUCH01 _h0944 |
||
| 590 |
_aE11695DGD _b10 _c20150130 _lUCH01 _h0945 |
||
| 590 |
_aE11695DGD _b10 _c20150130 _lUCH01 _h0945 |
||
| 590 |
_aE11695DGD _b10 _c20150130 _lUCH01 _h0946 |
||
| 590 |
_aE5765TAJ _b05 _c20150129 _lUCH01 _h1003 |
||
| 650 | 1 | 4 |
_aPHP (Lenguaje de programación para computadora) _9129153 |
| 650 | 1 | 4 |
_aProgramación (Computadoras) _992368 |
| 650 | 1 | 4 |
_aSitio web _xDiseño. _9129154 |
| 901 | _aBK | ||
| 942 | _cLIBRO | ||
| 942 | _n0 | ||
| 999 |
_c107762 _d107762 |
||